[Event "Blitz 2018"]
[Site "Saint-Petersburg"]
[Date "2018.12.29"]
[Round "5"]
[Board "29"]
[White "Demchenko Anton (RUS)"]
[Black "Petrosian Tigran L. (ARM)"]
[Result "0-1"]
[LiveChessVersion "1.4.8"]
[BlackElo "2700"]
[WhiteElo "2572"]

1. d4 {[%clk 0:03:03]} d6 {[%clk 0:03:04]} 2. Bf4 {[%clk 0:03:02]} g6
{[%clk 0:03:00]} 3. Nc3 {[%clk 0:03:02]} Bg7 {[%clk 0:03:01]} 4. e4
{[%clk 0:03:02]} a6 {[%clk 0:03:01]} 5. Qd2 {[%clk 0:02:58]} b5 {[%clk 0:03:02]}
6. Nf3 {[%clk 0:02:14]} Bb7 {[%clk 0:03:03]} 7. Bd3 {[%clk 0:02:10]} Nd7
{[%clk 0:03:04]} 8. O-O {[%clk 0:02:04]} c5 {[%clk 0:02:59]} 9. dxc5
{[%clk 0:02:05]} Nxc5 {[%clk 0:03:00]} 10. b4 {[%clk 0:01:41]} Nxd3
{[%clk 0:02:24]} 11. cxd3 {[%clk 0:01:41]} Nf6 {[%clk 0:02:25]} 12. Bh6
{[%clk 0:01:39]} O-O {[%clk 0:02:26]} 13. Bxg7 {[%clk 0:01:39]} Kxg7
{[%clk 0:02:27]} 14. a4 {[%clk 0:01:37]} bxa4 {[%clk 0:02:26]} 15. Rxa4
{[%clk 0:01:24]} Qb6 {[%clk 0:02:26]} 16. Rb1 {[%clk 0:01:01]} Rfc8
{[%clk 0:02:25]} 17. h3 {[%clk 0:01:01]} e5 {[%clk 0:02:06]} 18. Ne2
{[%clk 0:00:47]} h6 {[%clk 0:01:59]} 19. Raa1 {[%clk 0:00:41]} Rc7
{[%clk 0:01:54]} 20. Rc1 {[%clk 0:00:41]} Rac8 {[%clk 0:01:53]} 21. Rxc7
{[%clk 0:00:42]} Rxc7 {[%clk 0:01:54]} 22. Rc1 {[%clk 0:00:43]} Rxc1+
{[%clk 0:01:50]} 23. Nxc1 {[%clk 0:00:44]} Bc6 {[%clk 0:01:46]} 24. Qc3
{[%clk 0:00:36]} Bb5 {[%clk 0:01:42]} 25. Nb3 {[%clk 0:00:33]} Nh5
{[%clk 0:01:35]} 26. d4 {[%clk 0:00:26]} Nf4 {[%clk 0:01:35]} 27. Kh2
{[%clk 0:00:27]} g5 {[%clk 0:01:06]} 28. Qd2 {[%clk 0:00:11]} Nd3
{[%clk 0:00:59]} 29. Kg1 {[%clk 0:00:12]} f6 {[%clk 0:00:59]} 30. Qc2
{[%clk 0:00:07]} Qc6 {[%clk 0:00:52]} 31. Qxc6 {[%clk 0:00:03]} Bxc6
{[%clk 0:00:53]} 32. Nfd2 {[%clk 0:00:05]} Bb5 {[%clk 0:00:53]} 33. f3
{[%clk 0:00:06]} Kf7 {[%clk 0:00:51]} 34. dxe5 {[%clk 0:00:06]} fxe5
{[%clk 0:00:52]} 35. g3 {[%clk 0:00:06]} Ke6 {[%clk 0:00:52]} 36. Kg2
{[%clk 0:00:07]} Nxb4 {[%clk 0:00:52]} 37. h4 {[%clk 0:00:05]} gxh4
{[%clk 0:00:51]} 38. gxh4 {[%clk 0:00:07]} Nc6 {[%clk 0:00:50]} 39. Nb1
{[%clk 0:00:05]} Nd4 {[%clk 0:00:38]} 40. N3d2 {[%clk 0:00:04]} a5
{[%clk 0:00:34]} 41. Nc3 {[%clk 0:00:00]} a4 {[%clk 0:00:34]} 0-1

[Event "Blitz 2018"]
[Site "Saint-Petersburg"]
[Date "2018.12.29"]
[Round "5"]
[Board "30"]
[White "Melkumyan Hrant (ARM)"]
[Black "Kovalev Vladislav (BLR)"]
[Result "0-1"]
[LiveChessVersion "1.4.8"]
[BlackElo "2553"]
[WhiteElo "2699"]

1. Nf3 {[%clk 0:03:03]} Nf6 {[%clk 0:03:04]} 2. c4 {[%clk 0:03:04]} g6
{[%clk 0:02:59]} 3. Nc3 Bg7 4. e4 d6 5. d4 {[%clk 0:03:07]} O-O {[%clk 0:03:03]}
6. Be2 {[%clk 0:03:09]} Na6 {[%clk 0:03:05]} 7. O-O {[%clk 0:03:08]} e5
{[%clk 0:03:06]} 8. Re1 {[%clk 0:03:04]} Qe8 {[%clk 0:03:07]} 9. Bg5
{[%clk 0:02:39]} exd4 {[%clk 0:02:45]} 10. Nxd4 {[%clk 0:02:38]} Nxe4
{[%clk 0:02:27]} 11. Bf3 {[%clk 0:02:36]} Nxg5 {[%clk 0:02:09]} 12. Rxe8
{[%clk 0:02:36]} Rxe8 {[%clk 0:02:10]} 13. Ndb5 {[%clk 0:02:21]} Rd8
{[%clk 0:01:35]} 14. Ne4 {[%clk 0:01:36]} Nxe4 {[%clk 0:01:26]} 15. Bxe4
{[%clk 0:01:37]} c6 {[%clk 0:01:27]} 16. Nc3 {[%clk 0:01:37]} Nc5
{[%clk 0:01:20]} 17. Bd3 {[%clk 0:01:32]} a5 {[%clk 0:01:07]} 18. Bf1
{[%clk 0:01:33]} Bf5 {[%clk 0:01:00]} 19. Rc1 {[%clk 0:01:27]} Bh6
{[%clk 0:00:45]} 20. Ra1 Bg7 21. Qd2 {[%clk 0:01:29]} a4 {[%clk 0:00:34]} 22. Re1
{[%clk 0:01:30]} Rd7 {[%clk 0:00:27]} 23. h3 {[%clk 0:01:29]} h5 {[%clk 0:00:27]}
24. g3 {[%clk 0:01:12]} Kf8 {[%clk 0:00:26]} 25. Kh2 {[%clk 0:01:08]} Re8
{[%clk 0:00:18]} 26. Rxe8+ {[%clk 0:01:08]} Kxe8 {[%clk 0:00:20]} 27. Bg2
{[%clk 0:01:06]} Be6 {[%clk 0:00:20]} 28. Qe2 {[%clk 0:01:03]} a3
{[%clk 0:00:17]} 29. Nd1 {[%clk 0:01:02]} axb2 {[%clk 0:00:16]} 30. Nxb2
{[%clk 0:01:03]} Kf8 {[%clk 0:00:14]} 31. Qd2 {[%clk 0:01:01]} Rd8
{[%clk 0:00:12]} 32. Qb4 {[%clk 0:00:56]} Bd4 {[%clk 0:00:04]} 33. Nd1
{[%clk 0:00:57]} Ke7 {[%clk 0:00:04]} 34. Qd2 {[%clk 0:00:57]} Bf6
{[%clk 0:00:05]} 35. Ne3 {[%clk 0:00:58]} Ra8 {[%clk 0:00:05]} 36. f4
{[%clk 0:00:53]} Ra3 {[%clk 0:00:04]} 37. Qe2 {[%clk 0:00:54]} Kd7
{[%clk 0:00:05]} 38. f5 {[%clk 0:00:39]} gxf5 {[%clk 0:00:06]} 39. Nd5
{[%clk 0:00:37]} Be5 {[%clk 0:00:06]} 40. Qxh5 {[%clk 0:00:26]} Rxg3
{[%clk 0:00:06]} 41. Kh1 {[%clk 0:00:27]} Rxg2 {[%clk 0:00:05]} 42. Nb6+
{[%clk 0:00:20]} Kc7 {[%clk 0:00:04]} 43. Na8+ {[%clk 0:00:21]} Kb8
{[%clk 0:00:06]} 44. Kxg2 {[%clk 0:00:22]} Kxa8 {[%clk 0:00:07]} 45. h4
{[%clk 0:00:21]} Bxc4 {[%clk 0:00:05]} 46. Qg5 {[%clk 0:00:23]} Ka7
{[%clk 0:00:05]} 47. h5 {[%clk 0:00:24]} Bxa2 {[%clk 0:00:05]} 48. h6
{[%clk 0:00:23]} Bd5+ {[%clk 0:00:06]} 49. Kh3 {[%clk 0:00:24]} Ne4
{[%clk 0:00:07]} 50. Qe3+ {[%clk 0:00:19]} c5 {[%clk 0:00:08]} 51. h7
{[%clk 0:00:18]} f4 {[%clk 0:00:09]} 52. Qe1 {[%clk 0:00:14]} Kb6
{[%clk 0:00:08]} 53. Kh4 {[%clk 0:00:11]} f3 {[%clk 0:00:08]} 54. Qb1+
{[%clk 0:00:04]} Kc6 {[%clk 0:00:09]} 55. Qd1 {[%clk 0:00:03]} f2
{[%clk 0:00:09]} 56. Qa4+ {[%clk 0:00:05]} Kc7 {[%clk 0:00:10]} 57. Qa5+
{[%clk 0:00:06]} Kd7 58. Qb5+ Bc6 {[%clk 0:00:08]} 59. Qe2 {[%clk 0:00:07]} b5
{[%clk 0:00:05]} 60. Qg4+ {[%clk 0:00:06]} Kc7 {[%clk 0:00:06]} 61. Qf5
{[%clk 0:00:07]} Bd5 {[%clk 0:00:06]} 62. Qf3 {[%clk 0:00:03]} b4
{[%clk 0:00:06]} 63. Qe2 {[%clk 0:00:04]} b3 {[%clk 0:00:06]} 64. Qa6
{[%clk 0:00:05]} Kd7 {[%clk 0:00:06]} 65. Qa7+ {[%clk 0:00:05]} Ke6
{[%clk 0:00:07]} 66. Qa6 {[%clk 0:00:07]} Ke7 {[%clk 0:00:07]} 67. Qa7+
{[%clk 0:00:08]} Ke6 {[%clk 0:00:06]} 68. Qa6 {[%clk 0:00:09]} Bf6+
{[%clk 0:00:04]} 69. Kg4 {[%clk 0:00:07]} Ke5 {[%clk 0:00:04]} 70. Qe2
{[%clk 0:00:06]} c4 {[%clk 0:00:03]} 71. Qf1 {[%clk 0:00:03]} Be6+
{[%clk 0:00:04]} 72. Kh5 {[%clk 0:00:03]} Ng3+ {[%clk 0:00:05]} 73. Kh6
{[%clk 0:00:04]} Nxf1 0-1

[Event "Blitz 2018"]
[Site "Saint-Petersburg"]
[Date "2018.12.29"]
[Round "5"]
[Board "31"]
[White "Grachev Boris (RUS)"]
[Black "Inarkiev Ernesto (RUS)"]
[Result "1/2-1/2"]
[LiveChessVersion "1.4.8"]
[BlackElo "2674"]
[WhiteElo "2571"]

1. Nf3 {[%clk 0:03:03]} c5 {[%clk 0:03:00]} 2. c4 {[%clk 0:03:03]} Nf6
{[%clk 0:02:59]} 3. Nc3 {[%clk 0:03:04]} d5 {[%clk 0:03:00]} 4. cxd5
{[%clk 0:02:59]} Nxd5 {[%clk 0:03:01]} 5. Qa4+ {[%clk 0:02:58]} Bd7
{[%clk 0:02:40]} 6. Qb3 {[%clk 0:02:58]} Nb4 {[%clk 0:02:22]} 7. a3
{[%clk 0:02:34]} Be6 {[%clk 0:02:21]} 8. Qa4+ {[%clk 0:02:35]} N4c6
{[%clk 0:02:21]} 9. d3 {[%clk 0:02:30]} f6 {[%clk 0:01:57]} 10. g3
{[%clk 0:02:28]} Bf7 {[%clk 0:01:54]} 11. Qb5 {[%clk 0:02:03]} b6
{[%clk 0:01:24]} 12. Bg2 {[%clk 0:02:00]} a6 {[%clk 0:01:10]} 13. Qa4
{[%clk 0:02:02]} Qd7 {[%clk 0:01:11]} 14. O-O {[%clk 0:01:37]} e5
{[%clk 0:01:07]} 15. Nd2 {[%clk 0:01:32]} Ra7 {[%clk 0:01:08]} 16. Qd1
{[%clk 0:01:31]} Be7 {[%clk 0:01:02]} 17. Nc4 {[%clk 0:01:28]} b5
{[%clk 0:01:00]} 18. Nb6 {[%clk 0:01:22]} Qd8 {[%clk 0:01:02]} 19. Nbd5
{[%clk 0:01:23]} O-O {[%clk 0:01:02]} 20. Nxe7+ {[%clk 0:01:20]} Qxe7
{[%clk 0:01:02]} 21. Be3 {[%clk 0:01:11]} Rd7 {[%clk 0:01:03]} 22. a4
{[%clk 0:00:58]} Nd4 {[%clk 0:00:51]} 23. axb5 {[%clk 0:00:56]} axb5
{[%clk 0:00:52]} 24. Bxd4 {[%clk 0:00:53]} cxd4 {[%clk 0:00:45]} 25. Nxb5
{[%clk 0:00:54]} Qb4 {[%clk 0:00:38]} 26. Na3 {[%clk 0:00:32]} Qxb2
{[%clk 0:00:32]} 27. Nc4 {[%clk 0:00:33]} Qb4 {[%clk 0:00:28]} 28. Qa4
{[%clk 0:00:32]} Qe7 {[%clk 0:00:14]} 29. Rfb1 {[%clk 0:00:33]} Rc7
{[%clk 0:00:15]} 30. Nb6 {[%clk 0:00:29]} Rc5 {[%clk 0:00:14]} 31. Qa7
{[%clk 0:00:25]} Rc7 {[%clk 0:00:10]} 32. Qa4 {[%clk 0:00:20]} Rd8
{[%clk 0:00:10]} 33. Nd5 {[%clk 0:00:12]} Bxd5 {[%clk 0:00:11]} 34. Bxd5+
{[%clk 0:00:13]} Rxd5 {[%clk 0:00:12]} 35. Rxb8+ {[%clk 0:00:10]} Kf7
{[%clk 0:00:08]} 36. Qb3 {[%clk 0:00:11]} Qe6 {[%clk 0:00:06]} 37. Ra6
{[%clk 0:00:05]} Qxa6 38. Qxd5+ {[%clk 0:00:05]} Kg6 {[%clk 0:00:05]} 39. Qe4+
{[%clk 0:00:05]} Kh6 {[%clk 0:00:06]} 40. Qh4+ {[%clk 0:00:06]} Kg6
{[%clk 0:00:07]} 41. Qg4+ {[%clk 0:00:07]} Kh6 {[%clk 0:00:08]} 42. Qh4+
{[%clk 0:00:08]} Kg6 {[%clk 0:00:10]} 43. Qe4+ {[%clk 0:00:09]} Kh6
{[%clk 0:00:11]} 44. Qh4+ {[%clk 0:00:06]} Kg6 {[%clk 0:00:13]} 45. Qg4+
{[%clk 0:00:06]} Kh6 {[%clk 0:00:14]} 46. Qh4+ {[%clk 0:00:06]} 1/2-1/2

[Event "Blitz 2018"]
[Site "Saint-Petersburg"]
[Date "2018.12.29"]
[Round "5"]
[Board "32"]
[White "Vallejo Pons Francisco (ESP)"]
[Black "Huzman Alexander (ISR)"]
[Result "1-0"]
[LiveChessVersion "1.4.8"]
[BlackElo "2543"]
[WhiteElo "2673"]

1. d4 {[%clk 0:03:02]} Nf6 {[%clk 0:03:02]} 2. c4 {[%clk 0:03:04]} e6
{[%clk 0:03:03]} 3. Nc3 {[%clk 0:03:05]} Bb4 {[%clk 0:03:04]} 4. Qc2
{[%clk 0:03:06]} d5 {[%clk 0:03:00]} 5. cxd5 {[%clk 0:03:06]} Qxd5
{[%clk 0:03:01]} 6. Nf3 {[%clk 0:03:06]} Qf5 {[%clk 0:03:02]} 7. Qb3
{[%clk 0:03:08]} Nc6 {[%clk 0:03:02]} 8. Bd2 {[%clk 0:03:09]} O-O
{[%clk 0:02:37]} 9. h3 {[%clk 0:03:10]} Bxc3 {[%clk 0:02:22]} 10. Bxc3
{[%clk 0:03:09]} Qd5 {[%clk 0:02:22]} 11. Qc2 {[%clk 0:03:01]} a5
{[%clk 0:02:22]} 12. a3 {[%clk 0:02:51]} b6 {[%clk 0:02:09]} 13. e3
{[%clk 0:02:52]} Bb7 {[%clk 0:02:10]} 14. Be2 {[%clk 0:02:35]} Ne7
{[%clk 0:02:09]} 15. O-O {[%clk 0:02:32]} Qf5 {[%clk 0:02:05]} 16. Rfc1
{[%clk 0:02:26]} Rfc8 {[%clk 0:01:55]} 17. Be1 {[%clk 0:02:22]} Qxc2
{[%clk 0:01:54]} 18. Rxc2 {[%clk 0:02:23]} Be4 {[%clk 0:01:54]} 19. Rcc1
{[%clk 0:02:22]} Bd5 {[%clk 0:01:49]} 20. Ne5 {[%clk 0:02:18]} Ne8
{[%clk 0:01:15]} 21. f3 {[%clk 0:02:18]} f6 {[%clk 0:01:16]} 22. Nd3
{[%clk 0:02:17]} Kf7 {[%clk 0:01:17]} 23. Bf2 {[%clk 0:02:05]} Bb7
{[%clk 0:01:18]} 24. Bd1 {[%clk 0:01:55]} Ba6 {[%clk 0:01:14]} 25. Nf4
{[%clk 0:01:54]} g5 {[%clk 0:01:10]} 26. Ne2 {[%clk 0:01:51]} Nd6
{[%clk 0:01:10]} 27. Nc3 {[%clk 0:01:44]} h6 {[%clk 0:01:11]} 28. e4
{[%clk 0:01:41]} Bb7 {[%clk 0:01:09]} 29. Bb3 {[%clk 0:01:41]} Ng6
{[%clk 0:01:03]} 30. Bg3 {[%clk 0:01:37]} Nf4 {[%clk 0:01:04]} 31. Bxf4
{[%clk 0:01:35]} gxf4 32. Ne2 c5 {[%clk 0:01:00]} 33. dxc5 {[%clk 0:01:24]} bxc5
{[%clk 0:01:02]} 34. Nxf4 {[%clk 0:01:08]} c4 {[%clk 0:01:03]} 35. Ba4
{[%clk 0:01:09]} Ke7 {[%clk 0:01:04]} 36. Rd1 {[%clk 0:01:06]} Bc6
{[%clk 0:01:02]} 37. Ng6+ {[%clk 0:00:55]} Kf7 {[%clk 0:01:03]} 38. Rxd6
{[%clk 0:00:56]} Bxa4 {[%clk 0:01:04]} 39. Nf4 {[%clk 0:00:57]} Rab8
{[%clk 0:01:02]} 40. Rd2 {[%clk 0:00:55]} Rb3 {[%clk 0:00:56]} 41. Ne2
{[%clk 0:00:36]} Rcb8 {[%clk 0:00:56]} 42. Nc3 {[%clk 0:00:37]} Be8
{[%clk 0:00:53]} 43. Nd1 {[%clk 0:00:34]} Ke7 {[%clk 0:00:54]} 44. Rc1
{[%clk 0:00:35]} Bb5 {[%clk 0:00:51]} 45. Kf2 {[%clk 0:00:34]} Rb7
{[%clk 0:00:52]} 46. Rc3 {[%clk 0:00:34]} Ba6 {[%clk 0:00:46]} 47. Rxb3
{[%clk 0:00:36]} Rxb3 {[%clk 0:00:47]} 48. Nc3 {[%clk 0:00:37]} Rb8
{[%clk 0:00:47]} 49. g4 {[%clk 0:00:37]} Rb7 {[%clk 0:00:47]} 50. f4
{[%clk 0:00:38]} Rb8 51. Ke3 {[%clk 0:00:39]} h5 {[%clk 0:00:35]} 52. g5
{[%clk 0:00:36]} fxg5 {[%clk 0:00:32]} 53. fxg5 {[%clk 0:00:37]} h4
{[%clk 0:00:33]} 54. Kf4 {[%clk 0:00:36]} Rh8 {[%clk 0:00:16]} 55. Ke5
{[%clk 0:00:34]} Rf8 {[%clk 0:00:14]} 56. g6 {[%clk 0:00:25]} Rf3
{[%clk 0:00:16]} 57. g7 {[%clk 0:00:17]} Rg3 {[%clk 0:00:15]} 58. Rd6
{[%clk 0:00:15]} Bc8 {[%clk 0:00:16]} 59. Rc6 {[%clk 0:00:14]} Bd7
{[%clk 0:00:17]} 60. Rxc4 {[%clk 0:00:13]} Rg5+ {[%clk 0:00:16]} 61. Kf4
{[%clk 0:00:10]} Rxg7 {[%clk 0:00:17]} 62. Rc5 {[%clk 0:00:08]} Rg3
{[%clk 0:00:16]} 63. Rxa5 {[%clk 0:00:07]} Rxh3 {[%clk 0:00:17]} 64. Rh5
{[%clk 0:00:08]} Kf6 {[%clk 0:00:15]} 65. e5+ {[%clk 0:00:06]} Kg6
{[%clk 0:00:16]} 66. Rg5+ {[%clk 0:00:08]} Kh6 {[%clk 0:00:17]} 67. Rg8
{[%clk 0:00:07]} Bc6 {[%clk 0:00:17]} 68. Rh8+ {[%clk 0:00:07]} Kg7
{[%clk 0:00:18]} 69. Rc8 {[%clk 0:00:07]} Bg2 {[%clk 0:00:17]} 70. Kg4
{[%clk 0:00:08]} Rh1 {[%clk 0:00:17]} 71. Ne2 {[%clk 0:00:07]} h3
{[%clk 0:00:15]} 72. Rc7+ {[%clk 0:00:08]} Kh6 {[%clk 0:00:15]} 73. Kg3
{[%clk 0:00:07]} Re1 {[%clk 0:00:15]} 74. Rc2 {[%clk 0:00:05]} Be4
{[%clk 0:00:16]} 75. Rd2 {[%clk 0:00:05]} Bf5 {[%clk 0:00:17]} 76. Nf4
{[%clk 0:00:06]} Re3+ {[%clk 0:00:18]} 77. Kh2 {[%clk 0:00:06]} Rxe5
{[%clk 0:00:19]} 78. Nxh3 {[%clk 0:00:07]} Kh5 {[%clk 0:00:20]} 79. Nf2
{[%clk 0:00:08]} Kg5 {[%clk 0:00:21]} 80. Kg2 {[%clk 0:00:09]} Kf4 81. Rd4+ Ke3
{[%clk 0:00:23]} 82. Rc4 {[%clk 0:00:10]} Rd5 {[%clk 0:00:22]} 83. Rc3+
{[%clk 0:00:11]} Ke2 {[%clk 0:00:23]} 84. Kg3 {[%clk 0:00:09]} Rd8
{[%clk 0:00:22]} 85. Nh3 {[%clk 0:00:08]} Rg8+ {[%clk 0:00:22]} 86. Kf4
{[%clk 0:00:10]} Rg4+ {[%clk 0:00:23]} 87. Ke5 {[%clk 0:00:10]} Re4+
{[%clk 0:00:23]} 88. Kf6 {[%clk 0:00:09]} Kd2 {[%clk 0:00:22]} 89. Ng5
{[%clk 0:00:10]} Re1 {[%clk 0:00:23]} 90. Nf3+ {[%clk 0:00:11]} 1-0

[Event "Blitz 2018"]
[Site "Saint-Petersburg"]
[Date "2018.12.29"]
[Round "5"]
[Board "34"]
[White "Van Foreest Jorden (NED)"]
[Black "Drygalov Andrey (RUS)"]
[Result "1-0"]
[LiveChessVersion "1.4.8"]
[BlackElo "2509"]
[WhiteElo "2657"]

1. e4 {[%clk 0:03:03]} c5 {[%clk 0:03:04]} 2. Nf3 {[%clk 0:03:03]} d6
{[%clk 0:03:03]} 3. d4 {[%clk 0:03:04]} cxd4 {[%clk 0:03:03]} 4. Nxd4
{[%clk 0:03:05]} Nf6 {[%clk 0:03:04]} 5. Nc3 {[%clk 0:03:06]} a6 {[%clk 0:03:05]}
6. Be2 {[%clk 0:03:07]} e5 {[%clk 0:03:04]} 7. Nf3 {[%clk 0:03:07]} Be7
{[%clk 0:03:03]} 8. Bg5 {[%clk 0:03:08]} Be6 {[%clk 0:03:01]} 9. Bxf6
{[%clk 0:03:08]} Bxf6 {[%clk 0:03:01]} 10. Qd2 {[%clk 0:03:08]} Be7
{[%clk 0:02:48]} 11. O-O {[%clk 0:03:04]} Nd7 {[%clk 0:02:33]} 12. Rfd1
{[%clk 0:02:57]} O-O {[%clk 0:02:21]} 13. Nd5 {[%clk 0:02:57]} Bxd5
{[%clk 0:02:13]} 14. Qxd5 {[%clk 0:02:57]} b5 {[%clk 0:02:09]} 15. c3
{[%clk 0:02:58]} Nf6 {[%clk 0:02:04]} 16. Qd3 {[%clk 0:02:58]} Qb6
{[%clk 0:02:04]} 17. g3 {[%clk 0:02:49]} Rfd8 {[%clk 0:02:03]} 18. Qc2
{[%clk 0:02:49]} Rac8 {[%clk 0:02:02]} 19. a3 {[%clk 0:02:50]} Qb7
{[%clk 0:01:45]} 20. Bd3 {[%clk 0:02:41]} Qb6 {[%clk 0:01:36]} 21. Kg2
{[%clk 0:02:40]} Rd7 {[%clk 0:01:25]} 22. Qe2 {[%clk 0:02:37]} Ra7
{[%clk 0:01:12]} 23. Bc2 {[%clk 0:02:33]} a5 {[%clk 0:01:06]} 24. Bb3
{[%clk 0:02:34]} Bf8 {[%clk 0:00:53]} 25. h4 {[%clk 0:02:26]} Rac7
{[%clk 0:00:53]} 26. Rd3 {[%clk 0:02:22]} b4 {[%clk 0:00:53]} 27. cxb4
{[%clk 0:02:16]} axb4 {[%clk 0:00:52]} 28. a4 {[%clk 0:02:17]} Nd7
{[%clk 0:00:50]} 29. Ng5 {[%clk 0:02:16]} Nc5 {[%clk 0:00:47]} 30. Qh5
{[%clk 0:02:10]} h6 {[%clk 0:00:25]} 31. Bxf7+ {[%clk 0:02:10]} Rxf7
{[%clk 0:00:25]} 32. Qxf7+ {[%clk 0:02:05]} Kh8 {[%clk 0:00:26]} 33. Qf5
{[%clk 0:02:06]} hxg5 {[%clk 0:00:15]} 34. Qxc8 {[%clk 0:02:07]} Nxd3
{[%clk 0:00:16]} 35. Qxf8+ {[%clk 0:02:07]} Kh7 {[%clk 0:00:17]} 36. hxg5
{[%clk 0:02:07]} 1-0

[Event "Blitz 2018"]
[Site "Saint-Petersburg"]
[Date "2018.12.29"]
[Round "5"]
[Board "35"]
[White "Abdusattorov Nodirbek (UZB)"]
[Black "Bosiocic Marin (CRO)"]
[Result "1-0"]
[LiveChessVersion "1.4.8"]
[BlackElo "2653"]
[WhiteElo "2469"]

1. e4 {[%clk 0:03:02]} d6 {[%clk 0:03:04]} 2. d4 {[%clk 0:03:03]} Nf6
{[%clk 0:03:05]} 3. Nc3 {[%clk 0:03:03]} g6 {[%clk 0:03:06]} 4. g3
{[%clk 0:03:03]} Bg7 {[%clk 0:03:06]} 5. Bg2 {[%clk 0:03:04]} O-O
{[%clk 0:03:06]} 6. Nge2 {[%clk 0:03:05]} Nbd7 {[%clk 0:03:07]} 7. O-O
{[%clk 0:03:05]} e5 {[%clk 0:03:09]} 8. h3 {[%clk 0:03:04]} c6 {[%clk 0:03:10]}
9. Re1 {[%clk 0:03:03]} b5 {[%clk 0:03:10]} 10. a3 {[%clk 0:03:02]} Nb6
{[%clk 0:03:11]} 11. b3 {[%clk 0:02:49]} Bb7 {[%clk 0:03:10]} 12. Bb2
{[%clk 0:02:49]} a6 {[%clk 0:03:10]} 13. Qd2 {[%clk 0:02:41]} Re8
{[%clk 0:03:06]} 14. Rad1 {[%clk 0:02:42]} Qc7 {[%clk 0:03:03]} 15. Qc1
{[%clk 0:02:37]} Rad8 {[%clk 0:03:01]} 16. Qa1 {[%clk 0:02:30]} Nfd7
{[%clk 0:02:35]} 17. Na2 {[%clk 0:02:16]} c5 {[%clk 0:02:27]} 18. d5
{[%clk 0:02:16]} f5 {[%clk 0:02:24]} 19. exf5 {[%clk 0:02:09]} gxf5
{[%clk 0:02:25]} 20. f4 {[%clk 0:02:10]} Nf8 {[%clk 0:02:22]} 21. fxe5
{[%clk 0:02:09]} dxe5 {[%clk 0:02:18]} 22. Nac3 {[%clk 0:01:24]} b4
{[%clk 0:02:13]} 23. d6 {[%clk 0:01:03]} Rxd6 {[%clk 0:02:14]} 24. Rxd6
{[%clk 0:01:02]} bxc3 {[%clk 0:02:15]} 25. Nxc3 {[%clk 0:00:48]} Bxg2
{[%clk 0:02:03]} 26. Rxb6 {[%clk 0:00:47]} Qxb6 {[%clk 0:02:00]} 27. Kxg2
{[%clk 0:00:48]} Qc6+ {[%clk 0:02:01]} 28. Kh2 {[%clk 0:00:45]} Ng6
{[%clk 0:01:49]} 29. Qd1 {[%clk 0:00:44]} e4 {[%clk 0:01:50]} 30. Qh5
{[%clk 0:00:33]} f4 {[%clk 0:01:34]} 31. gxf4 {[%clk 0:00:25]} Nxf4
{[%clk 0:01:33]} 32. Qf5 {[%clk 0:00:26]} Ng6 {[%clk 0:01:25]} 33. Nd1
{[%clk 0:00:17]} Bxb2 {[%clk 0:00:43]} 34. Nxb2 {[%clk 0:00:18]} e3
{[%clk 0:00:38]} 35. Nc4 {[%clk 0:00:16]} Qc7+ {[%clk 0:00:32]} 36. Kh1
{[%clk 0:00:14]} Qg3 {[%clk 0:00:23]} 37. Rf1 {[%clk 0:00:14]} Rf8
{[%clk 0:00:19]} 38. Qe6+ {[%clk 0:00:14]} Kg7 {[%clk 0:00:20]} 39. Nxe3
{[%clk 0:00:06]} Rxf1+ {[%clk 0:00:13]} 40. Nxf1 {[%clk 0:00:08]} Qf3+
{[%clk 0:00:13]} 41. Kg1 {[%clk 0:00:09]} Nf4 {[%clk 0:00:14]} 42. Qg4+
{[%clk 0:00:10]} Qxg4+ 43. hxg4 {[%clk 0:00:12]} Ne2+ {[%clk 0:00:17]} 44. Kf2
{[%clk 0:00:11]} Nd4 {[%clk 0:00:18]} 45. Ne3 {[%clk 0:00:12]} Kf6
{[%clk 0:00:19]} 46. b4 {[%clk 0:00:11]} cxb4 {[%clk 0:00:19]} 47. axb4
{[%clk 0:00:12]} Kg5 {[%clk 0:00:20]} 48. c3 {[%clk 0:00:11]} Nc6
{[%clk 0:00:13]} 49. Kg3 {[%clk 0:00:10]} Ne7 {[%clk 0:00:13]} 50. c4
{[%clk 0:00:10]} Nc6 {[%clk 0:00:14]} 51. b5 {[%clk 0:00:11]} axb5
{[%clk 0:00:15]} 52. cxb5 {[%clk 0:00:12]} Na5 {[%clk 0:00:16]} 53. b6
{[%clk 0:00:13]} Nb7 {[%clk 0:00:16]} 54. Kf3 {[%clk 0:00:12]} Nc5
{[%clk 0:00:13]} 55. Nc4 {[%clk 0:00:07]} h5 {[%clk 0:00:11]} 56. gxh5
{[%clk 0:00:08]} Kg6 {[%clk 0:00:14]} 57. Nd2+ {[%clk 0:00:06]} Kf7
{[%clk 0:00:12]} 1-0

[Event "Blitz 2018"]
[Site "Saint-Petersburg"]
[Date "2018.12.29"]
[Round "5"]
[Board "36"]
[White "Oparin Grigoriy (RUS)"]
[Black "Tang Andrew (USA)"]
[Result "1-0"]
[LiveChessVersion "1.4.8"]
[BlackElo "2501"]
[WhiteElo "2641"]

1. Nf3 {[%clk 0:03:03]} d5 {[%clk 0:03:03]} 2. g3 {[%clk 0:03:03]} Nf6
{[%clk 0:03:04]} 3. Bg2 {[%clk 0:03:04]} e6 {[%clk 0:03:05]} 4. d4
{[%clk 0:03:04]} Be7 {[%clk 0:03:04]} 5. c4 {[%clk 0:03:04]} O-O {[%clk 0:03:04]}
6. Nc3 {[%clk 0:03:04]} c6 {[%clk 0:03:03]} 7. Qd3 {[%clk 0:03:01]} b6
{[%clk 0:03:02]} 8. b3 {[%clk 0:03:01]} Nbd7 {[%clk 0:02:58]} 9. O-O
{[%clk 0:03:01]} Bb7 {[%clk 0:02:54]} 10. Bb2 {[%clk 0:03:01]} Rc8
{[%clk 0:02:52]} 11. Rac1 {[%clk 0:03:01]} c5 {[%clk 0:02:36]} 12. cxd5
{[%clk 0:02:28]} Nxd5 {[%clk 0:02:36]} 13. Nxd5 {[%clk 0:02:28]} Bxd5
{[%clk 0:02:37]} 14. Rfd1 {[%clk 0:02:22]} cxd4 {[%clk 0:02:18]} 15. Nxd4
{[%clk 0:02:13]} Rxc1 {[%clk 0:01:56]} 16. Rxc1 {[%clk 0:02:13]} Nc5
{[%clk 0:01:55]} 17. Qe3 {[%clk 0:01:57]} Bxg2 {[%clk 0:01:15]} 18. Kxg2
{[%clk 0:01:58]} Bf6 {[%clk 0:01:16]} 19. Rc2 {[%clk 0:01:47]} Qd5+
{[%clk 0:01:07]} 20. Qf3 {[%clk 0:01:41]} Rd8 {[%clk 0:01:00]} 21. Qxd5
{[%clk 0:01:40]} Rxd5 {[%clk 0:01:01]} 22. Nc6 {[%clk 0:01:41]} Rd7
{[%clk 0:00:36]} 23. Bxf6 {[%clk 0:01:00]} gxf6 {[%clk 0:00:37]} 24. b4
{[%clk 0:01:01]} Ne4 {[%clk 0:00:33]} 25. f3 {[%clk 0:00:45]} Nd6
{[%clk 0:00:23]} 26. Rd2 {[%clk 0:00:45]} Kf8 {[%clk 0:00:20]} 27. a4
{[%clk 0:00:30]} Ke8 {[%clk 0:00:10]} 28. Nxa7 {[%clk 0:00:30]} Rxa7
{[%clk 0:00:06]} 29. Rxd6 {[%clk 0:00:31]} Rxa4 {[%clk 0:00:07]} 30. Rxb6
{[%clk 0:00:32]} Kf8 {[%clk 0:00:07]} 31. g4 {[%clk 0:00:30]} Kg7
{[%clk 0:00:07]} 32. Rb5 {[%clk 0:00:28]} Kg6 {[%clk 0:00:07]} 33. h4
{[%clk 0:00:29]} Ra3 {[%clk 0:00:07]} 34. h5+ {[%clk 0:00:30]} Kh6
{[%clk 0:00:08]} 35. Kf2 {[%clk 0:00:27]} Rb3 {[%clk 0:00:07]} 36. e4
{[%clk 0:00:17]} Kg7 {[%clk 0:00:04]} 37. Kg3 {[%clk 0:00:17]} Kh6
{[%clk 0:00:05]} 38. Rb8 {[%clk 0:00:14]} f5 {[%clk 0:00:05]} 39. exf5
{[%clk 0:00:11]} exf5 {[%clk 0:00:06]} 40. Rb6+ {[%clk 0:00:12]} Kg7
{[%clk 0:00:06]} 41. h6+ {[%clk 0:00:11]} Kf8 {[%clk 0:00:07]} 42. g5
{[%clk 0:00:11]} Ke7 {[%clk 0:00:06]} 43. Kf4 {[%clk 0:00:12]} Rc3
{[%clk 0:00:07]} 44. Rb8 {[%clk 0:00:09]} Rc4+ {[%clk 0:00:04]} 45. Kxf5
{[%clk 0:00:09]} 1-0